| 000 -ლიდერი |
| ფიქსირებული სიგრძის საკონტროლო ველი |
01434nam a22002177a 4500 |
| 003 - საკონტროლო ნომრის იდენტიფიკატორი |
| საკონტროლო ველი |
Ge_BSU |
| 005 - ბოლო ოპერაციის თარიღი და დრო |
| საკონტროლო ველი |
20241112150004.0 |
| 008 - ფიქსირებული სიგრძის მონაცემთა ელემენტები - ზოგადი ინფორმაცია |
| ფიქსირებული სიგრძის საკონტროლო ველი |
241112s1999 ge ||||| |||| 00| 0 geo d |
| 041 ## - ენის კოდი |
| Language code of text/sound track or separate title |
geo |
| 080 ## - უნივერსალური ათობითი კლასიფიკაციის ინდექსი |
| Universal Decimal Classification number |
616.2-002-053 რ-44 |
| 100 ## - მთავარი ჩანაწერი - პიროვნების სახელი |
| Personal name |
რუსიძე, ვენერა, |
| Titles and other words associated with a name |
ავტორი. |
| 9 (RLIN) |
23670 |
| 245 ## - ცნობა სათაურის შესახებ |
| Title |
რესპირაციული ალერგოზები ბავშვებში : |
| Remainder of title |
გამოკვლევის მეთოდები, ეთიოპათოგენეზი, კლინიკა, მკურნალობა, პროფილაქტიკა / |
| Statement of responsibility, etc |
ვ. რუსიძე, გ. იობაშვილი, თ. გაიხარაშილი ; რედაქტორი ი. ფავლენიშვილი. |
| 264 ## - წარმოების, გამოცემის, დისტრიბუციის და სხვა ცნობები |
| გამოცემის, წარმოების, დისტრიბუციის... ადგილი |
თბილისი : |
| გამოცემის, წარმოების, დისტრიბუციის... სახელწოდება |
კოლორი, |
| გამოცემის, წარმოების, დისტრიბუციის... თარიღი |
1999. |
| 300 ## - ფიზიკური აღწერა |
| Extent |
250 გვ. : |
| Other physical details |
ცხრ. ; |
| Dimensions |
20 სმ. |
| 653 ## - INDEX TERM--UNCONTROLLED |
| Uncontrolled term |
რესპირაციული ალერგიული დაავადებები ბავშვებში. |
| 653 ## - INDEX TERM--UNCONTROLLED |
| Uncontrolled term |
მედიცინა |
| 700 ## - ADDED ENTRY--PERSONAL NAME |
| Personal name |
იობაშვილი, გიორგი |
| 9 (RLIN) |
23671 |
| Relator term |
ავტორი |
| 700 ## - ADDED ENTRY--PERSONAL NAME |
| Personal name |
გაიხარაშვილი, თამარ. |
| Relator term |
ავტორი |
| 9 (RLIN) |
23672 |
| 700 ## - ADDED ENTRY--PERSONAL NAME |
| Personal name |
ფავლენიშვილი, ირაკლი, |
| 9 (RLIN) |
6327 |
| Relator term |
რედაქტორი. |
| 942 ## - ADDED ENTRY ELEMENTS (KOHA) |
| Source of classification or shelving scheme |
|
| Koha item type |
წიგნი |